LEADER 01076cam0-22003731i-450- 001 990000751350403321 005 20060217131037.0 035 $a000075135 035 $aFED01000075135 035 $a(Aleph)000075135FED01 035 $a000075135 100 $a20020821d1875----km-y0itay50------ba 101 1 $aita$ceng 102 $aIT 105 $aaf------001yy 200 1 $aTrigonometria sferica$econ molti esempi$fdi I. Todhunter$gversione dall'inglese di Vito Eugenio 210 $aNapoli$cPellerano$d1875 215 $a167 p.$cill.$d21 cm 610 0 $aTrigonometria sferica 700 1$aTodhunter,$bIsaac$f<1820-1884>$037424 702 1$aEugenio,$bVito 801 0$aIT$bUNINA$gRICA$2UNIMARC 901 $aBK 912 $a990000751350403321 952 $aRARI B 400$b3429$fFARBC 952 $a221-B-32$b03773$fMA1 952 $a206-G-29-BIS$b892$fMA1 952 $a206-G-29$b0365$fMA1 952 $a220-H-13$b03760$fMA1 952 $a220-H-15$b03755$fMA1 959 $aFARBC 959 $aMA1 996 $aTrigonometria sferica$9320845 997 $aUNINA LEADER 01018nam a2200241 i 4500 001 991003817869707536 005 20030103110557.0 008 020319s2001 it ||| | ita 020 $a8887298327 035 $ab11868922-39ule_inst 035 $aPRUMB65697$9ExL 040 $aDip.to SSSC$bita 100 1 $aMazzanti Pepe, Fernanda$0254492 245 10$aCostituzione e diritti fondamentali in Mably :$batti della giornata di studio di Genova, 25 novembre 1998 /$ca cura di Fernanda Mazzanti Pepe 260 $aGenova :$bName,$c2001 300 $a127 p. ;$c21 cm. 490 0 $aStoria delle idee e delle istituzioni politiche. Medioevo ed età moderna. Studi e Testi. Sez. Studi ;$v6 907 $a.b11868922$b28-04-17$c03-01-03 912 $a991003817869707536 945 $aLE021 SOC22F17$g1$i2021000049309$lle021$o-$pE0.00$q-$rl$s- $t0$u0$v0$w0$x0$y.i12122051$z03-01-03 996 $aCostituzione e diritti fondamentali in Mably$9901180 997 $aUNISALENTO 998 $ale021$b01-01-02$cm$da $e-$fita$git $h0$i1 LEADER 01679nam a2200265 i 4500 001 991002730889707536 008 150415r18881967de a 000 0 fre d 035 $ab14223429-39ule_inst 040 $aDip. di Studi Umanistici$bita 245 10$aCollection des anciens Alchimistes grecs publiée sous les auspices du ministère de l'instruction publique /$cpar M. Berthelot ; avec la collaboration de Ch. Ém. Ruelle 260 $aOsnabrück :$bOtto Zeller,$c1967 300 $a3 v. :$bill. ;$c27 cm 500 $aRistampa anastatica dell'ed. Paris. 1888 505 0 $a1.: Introduction avec planches, figures en photogravure, tables et index. -- 2.: Texte grec avec variantes, notes et index. -- 3.: Traduction avec variantes, notes, commentaires, Tables et index 650 04$aAlchimisti greci 700 1 $aBerthelot, Marcellin $eauthor$4http://id.loc.gov/vocabulary/relators/aut$0649899 700 1 $aRuelle, Charles Émile 907 $a.b14223429$b15-04-15$c15-04-15 912 $a991002730889707536 945 $aLE007 880.1 Alchimisti 1967-01 $cv.1$g1$i2007000259771$lle007$nLE007 2015 Pregresso$o-$pE0.00$q-$rl$s- $t0$u0$v0$w0$x0$y.i15666621$z15-04-15 945 $aLE007 880.1 Alchimisti 1967-01 $cv.2$g1$i2007000259788$lle007$nLE007 2015 Pregresso$o-$pE0.00$q-$rl$s- $t0$u0$v0$w0$x0$y.i15666633$z15-04-15 945 $aLE007 880.1 Alchimisti 1967-01 $cv.3$g1$i2007000259795$lle007$nLE007 2015 Pregresso$o-$pE0.00$q-$rl$s- $t0$u0$v0$w0$x0$y.i15666645$z15-04-15 996 $aCollection des anciens Alchimistes grecs publiée sous les auspices du ministère de l'instruction publique$91443795 997 $aUNISALENTO 998 $ale007$b15-04-15$cm$da $e-$fger$gde $h0$i0